Eastern Utah Libraries Catalog: Duchesne, Heber, Roosevelt, & Vernal

A talent for murder : (Record no. 397728)

MARC details
000 -LEADER
fixed length control field 02414pam a2200361 i 4500
001 - CONTROL NUMBER
control field BK0030816611
005 - DATE AND TIME OF LATEST TRANSACTION
control field 20240619144338.0
008 - FIXED-LENGTH DATA ELEMENTS--GENERAL INFORMATION
fixed length control field 240521s2024 nyu 000 1 eng d
010 ## - LIBRARY OF CONGRESS CONTROL NUMBER
LC control number bl2024011566
020 ## - INTERNATIONAL STANDARD BOOK NUMBER
International Standard Book Number 9780063205031 : HRD
Terms of availability 30.00
020 ## - INTERNATIONAL STANDARD BOOK NUMBER
International Standard Book Number 0063205033 : HRD
Terms of availability 30.00
Qualifying information hc.
037 ## - SOURCE OF ACQUISITION
Source of stock number/acquisition Harpercollins, 30 Ed Preate Dr Ste 106, Moosaic, PA, USA, 18507
Note SAN 200-2086
040 ## - CATALOGING SOURCE
Original cataloging agency NjBwBT
Language of cataloging eng
Description conventions rda
Transcribing agency NjBwBT
Modifying agency GCmBT
050 14 - LIBRARY OF CONGRESS CALL NUMBER
Classification number PS3619.W3635
Item number T354 2024
082 04 - DEWEY DECIMAL CLASSIFICATION NUMBER
Classification number 813/.6
Edition number 23/eng/20240521
092 ## - LOCALLY ASSIGNED DEWEY CALL NUMBER (OCLC)
Classification number 813.6000
100 1# - MAIN ENTRY--PERSONAL NAME
Personal name Swanson, Peter,
Dates associated with a name 1968-
Relator term author.
9 (RLIN) 5719706
245 12 - TITLE STATEMENT
Title A talent for murder :
Remainder of title a novel /
Statement of responsibility, etc Peter Swanson.
250 ## - EDITION STATEMENT
Edition statement First edition
264 #1 - Production, Publication, Distribution, Manufacture, and Copyright Notice.
Place of production, publication, distribution, manufacture New York, NY :
Name of producer, publisher, distributor, manufacturer William Morrow, an imprint of HarperCollinsPublishers,
Date of production, publication, distribution, manufacture, or copyr [2024]
300 ## - PHYSICAL DESCRIPTION
Extent 255 pages ;
Dimensions 24 cm
336 ## - Content Type
Content type term text
337 ## - Media type
Media type term unmediated
338 ## - Carrier type
Carrier type term volume
520 ## - SUMMARY, ETC.
Summary, etc "Martha Ratliff conceded long ago that she'd likely spend her life alone. She was fine with it, happy with her solo existence, stimulated by her work as a librarian in Maine. But then she met Alan, a charming and sweet-natured salesman whose job took himon the road for half the year. When he asked her to marry him, she said yes, even though he still felt a little bit like a stranger. A year in and the marriage was good, except for that strange blood streak on the back of one of his shirts he'd worn to aconference in Denver. Her curiosity turning to suspicion, Martha investigates the cities Alan visited over the past year and uncovers a disturbing pattern--five unsolved cases of murdered women. Is she married to a serial killer? Or could it merely be a coincidence? Unsure what to think, Martha contacts an old friend from graduate school for advice. Lily Kintner once helped Martha out of a jam with an abusive boyfriend and may have some insight. Intrigued, Lily offers to meet Alan to find out what kind ofman he really is . . .but what Lily uncovers is more perplexing and wicked than they ever could have expected"--
-- Provided by publisher.
650 #0 - SUBJECT ADDED ENTRY--TOPICAL TERM
Topical term or geographic name as entry element Librarians
Form subdivision Fiction.
9 (RLIN) 5696227
650 #0 - SUBJECT ADDED ENTRY--TOPICAL TERM
Topical term or geographic name as entry element Murder
Form subdivision Fiction.
9 (RLIN) 5674892
650 #0 - SUBJECT ADDED ENTRY--TOPICAL TERM
Topical term or geographic name as entry element Married people
Form subdivision Fiction.
9 (RLIN) 5673782
650 #0 - SUBJECT ADDED ENTRY--TOPICAL TERM
Topical term or geographic name as entry element Serial murderers
Form subdivision Fiction.
9 (RLIN) 5674253
655 #7 - INDEX TERM--GENRE/FORM
Genre/form data or focus term Detective and mystery fiction.
Source of term lcgft
9 (RLIN) 5683641
655 #7 - INDEX TERM--GENRE/FORM
Genre/form data or focus term Thrillers (Fiction).
Source of term lcgft
655 #7 - INDEX TERM--GENRE/FORM
Genre/form data or focus term Novels.
Source of term lcgft
Holdings
Withdrawn status Lost status Source of classification or shelving scheme Damaged status Not for loan Collection code Home library Current library Shelving location Date acquired Source of acquisition Total Checkouts Total Renewals Full call number Barcode Date last seen Date checked out Cost, replacement price Price effective from Koha item type
    Dewey Decimal Classification     Fiction Wasatch County Library Wasatch County Library First Floor 07/16/2024 Donation 7 4 F Swanson 34301002085068 08/16/2025 08/04/2025 30.00 07/16/2024 BOOK
This project was made possible through a grant from the Institute of Museum and Library Service administered by the Utah State Library Division.

Wasatch County Library

  • 465 East 1200 South, Heber City, Utah 84032
  • Phone 435-654-1511 | Fax 435-654-6456

Hours

  • Monday - Friday 9:30 AM - 8:00 PM
  • Saturday 9:30 AM - 1:30 PM
  • Closed Sundays and Holidays